| 000 | 00936pab a2200181 454500 | ||
|---|---|---|---|
| 008 | 180718b2007 xxu||||| |||| 00| 0 eng d | ||
| 100 | _aSarkar, Sumita | ||
| 245 | _aBeggary in urban India: reflections on destitution and exploitation | ||
| 260 | _c2007 | ||
| 300 | _ap.531-44. | ||
| 362 | _aOct | ||
| 520 | _aThe present paper attempts to understand beggary as a growing socio-economic problem and an extreme form of destitution and poverty in urban India. It analyses beggary from a developmental perspective and as an inevitable outcome of exploitation and criminalisation of poor under the vicious force of political economy. The present discourse further explores the possible solutions to deal with beggary under the existing Beggary Laws, the role of NGOs and of Civil Society. - Reproduced. | ||
| 650 | _aPoverty - India | ||
| 650 | _aPoverty | ||
| 773 | _aIndian Journal of Social Work | ||
| 908 | _aN | ||
| 909 | _a85756 | ||
| 999 |
_c85756 _d85756 |
||